| 000 | 01030pam a2200289 a 4500 | ||
|---|---|---|---|
| 999 |
_c10385 _d10385 |
||
| 001 | 4473680 | ||
| 003 | OSt | ||
| 005 | 20210223153108.0 | ||
| 008 | 961209s1997 miu bf 000 0 eng | ||
| 010 | _a 96052293 | ||
| 020 | _a0800756223 (trade paper) | ||
| 040 |
_aDLC _cDLC _dDLC |
||
| 043 | _an-us--- | ||
| 050 | 0 | 0 |
_aHQ801 _bV273S |
| 082 | 0 | 0 |
_a646.7/7 _221 _bV273S |
| 100 | 1 | _aVan Pelt, Nancy L. | |
| 245 | 1 | 0 |
_aSmart love : _ba field guide for single adults / _cNancy L. Van Pelt. |
| 260 |
_aGrand Rapids, Mich. : _bRevell, _cc1997. |
||
| 300 |
_a285 p. ; _c22 cm. |
||
| 504 | _aIncludes bibliographical references (p. 283-285). | ||
| 650 | 0 |
_aDating (Social customs) _xReligious aspects _xChristianity. |
|
| 650 | 0 |
_aMan-woman relationships _xReligious aspects _xChristianity. |
|
| 650 | 0 |
_aSex _xReligious aspects _xChristianity. |
|
| 906 |
_a7 _bcbc _corignew _d1 _eocip _f19 _gy-gencatlg |
||
| 942 |
_2ddc _cBK |
||